书目信息 |
| 题名: |
稀土物理化学常数
|
|
| 作者: | ;中山大学金属系 编 | |
| 分册: | ||
| 出版信息: | 北京 冶金工业出版社 1978 |
|
| 页数: | 535页 | |
| 开本: | 20cm | |
| 丛书名: | ||
| 单 册: | ||
| 中图分类: | TF845 | |
| 科图分类: | ||
| 主题词: | 有色金属冶金-稀土金属-物理化学 , 稀土金属-有色金属冶金-物理化学 , 物理化学-稀有金属-有色金属冶金 | |
| 电子资源: | ||
| ISBN: | ||
| 000 | 00712nam0 2200241 45 | |
| 001 | 0178001538 | |
| 005 | 20060820103813.92 | |
| 010 | @dCNY1.60 | |
| 091 | @a15062.3340 | |
| 100 | @a19950801d1978 em y0chiy0121 ea | |
| 101 | 0 | @achi |
| 102 | @aCN@b110000 | |
| 105 | @ay z 000yy | |
| 200 | 10 | @a稀土物理化学常数@Axi tu wu li hua xue chang shu@f中山大学金属系编 |
| 210 | @a北京@c冶金工业出版社@d1978 | |
| 215 | @a535页@d20cm | |
| 606 | @a有色金属冶金-稀土金属-物理化学 | |
| 606 | @a稀土金属-有色金属冶金-物理化学 | |
| 606 | @a物理化学-稀有金属-有色金属冶金 | |
| 690 | @aTF845@v3 | |
| 711 | 02 | @a中山大学金属系@Azhong shan da xue jin shu xi@4编 |
| 801 | 0 | @aCN@bTSSF@c20060820 |
| 905 | @a10447@dTF845@e19 | |
| 稀土物理化学常数/中山大学金属系编.-北京:冶金工业出版社,1978 |
| 535页;20cm |
| ISBN :CNY1.60 |
| ● |
| 相关链接 |
|
|
|
|
正题名:稀土物理化学常数
索取号:TF845/19
 
预约/预借
| 序号 | 登录号 | 条形码 | 馆藏地/架位号 | 状态 | 备注 |
| 1 | 0458470 | 204584707 | 密集书库/ [索取号:TF845/19] | 在馆 | |
| 2 | 0470322 | 204703222 | 密集书库/ [索取号:TF845/19] | 在馆 |